| 000 | 00584nam a22001577a 4500 | ||
|---|---|---|---|
| 003 | OSt | ||
| 005 | 20150916144529.0 | ||
| 008 | 150916b xxu||||| |||| 00| 0 eng d | ||
| 040 | _cRUA | ||
| 082 | _aAGR BUN 2003 B029 Or.1 | ||
| 100 |
_9600 _aBUN CHANVANNAK |
||
| 245 | _aprogram of tapping quality inspection in peam cheang rubber plantation,(កម្មវិធីត្រួតពិនិត្យគុណភាពចៀរជ័រនៅចំការកៅស៊ូពាមជំាង) | ||
| 260 |
_aphnom penh _bRUA _c2003 |
||
| 300 |
_a73p. _cill. _g29cm. |
||
| 942 |
_2ddc _cAGR |
||
| 999 |
_c577 _d577 |
||